| 000 | 00572nam a2200217Ia 4500 | ||
|---|---|---|---|
| 003 | OSt | ||
| 005 | 20240724151952.0 | ||
| 008 | 210423s2008 xx 000 0 und d | ||
| 040 | _cAL | ||
| 041 | _aeng | ||
| 082 |
_a331 _223 _bSINI |
||
| 100 |
_aSingh B D _9117915 |
||
| 245 | _aIndustrial relations: emerging paradigms | ||
| 250 | _a2nd ed. | ||
| 260 |
_aNew Delhi _bExcel Books _c2008 |
||
| 365 |
_b295 _cINR |
||
| 650 |
_aEconomics _9117916 |
||
| 650 |
_aLabour Economics _9117917 |
||
| 906 | _aemerging ; Industrial ; paradigms ; relations: | ||
| 942 |
_2ddc _cBK |
||
| 999 |
_c175554 _d175554 |
||